AIDS and sexual behaviour (Record no. 83866)
[ view plain ]
| 000 -LEADER | |
|---|---|
| fixed length control field | 00742nam a2200169 a 4500 |
| 008 - FIXED-LENGTH DATA ELEMENTS--GENERAL INFORMATION | |
| fixed length control field | 120416s1996 ||||||||||||||||| || u |
| 020 ## - INTERNATIONAL STANDARD BOOK NUMBER | |
| International Standard Book Number | 8170247861 |
| 050 ## - LIBRARY OF CONGRESS CALL NUMBER | |
| Classification number | RA 644.A25 Sha |
| 100 ## - MAIN ENTRY--PERSONAL NAME | |
| Personal name | Sharma, Savita, Dr |
| 245 10 - TITLE STATEMENT | |
| Title | AIDS and sexual behaviour |
| 260 ## - PUBLICATION, DISTRIBUTION, ETC. | |
| Place of publication, distribution, etc. | New Delhi |
| Name of publisher, distributor, etc. | S. B. Nangia and A. P. H. Publishers |
| Date of publication, distribution, etc. | 1996 |
| 300 ## - PHYSICAL DESCRIPTION | |
| Extent | vii ; 281p. |
| 350 ## - | |
| -- | 0.00 |
| 650 ## - SUBJECT ADDED ENTRY--TOPICAL TERM | |
| Topical term or geographic name entry element | AIDS, SEXUAL BEHAVIOUR |
| 995 ## - | |
| -- | ANNEX COLLECTION (Main Library) |
| -- | 0.00 |
| -- | 732072 |
| -- | CBU-MAIN LIBRARY (Kitwe) |
| -- | 2 |
| -- | 50.00 |
| -- | RA 644.A25 Sha |
| -- | 2 |
| -- | AVAILABLE |
| -- | Apr 4, 2007 |
| -- | 44487 |
| -- | Annex Low-Usage Collection |
| 995 ## - | |
| -- | ANNEX COLLECTION (Main Library) |
| -- | 0.00 |
| -- | 732073 |
| -- | CBU-MAIN LIBRARY (Kitwe) |
| -- | 1 |
| -- | 50.00 |
| -- | RA 644.A25 Sha |
| -- | 1 |
| -- | AVAILABLE |
| -- | 44490 |
| -- | Annex Low-Usage Collection |
| 999 ## - | |
| -- | 83866 |
| -- | 83866 |
| Withdrawn status | Lost status | Source of classification or shelving scheme | Damaged status | Not for loan | Permanent Location | Current Location | Shelving location | Date acquired | Total Checkouts | Full call number | Barcode | Date last seen | Copy number | Price effective from | Koha item type |
|---|---|---|---|---|---|---|---|---|---|---|---|---|---|---|---|
| CBU-MAIN LIBRARY, KITWE. | CBU-MAIN LIBRARY, KITWE. | 01/08/2024 | RA 644.A25 Sha | 44487 | 01/08/2024 | 1 | 01/08/2024 | MONOGRAPH | |||||||
| CBU-MAIN LIBRARY, KITWE. | CBU-MAIN LIBRARY, KITWE. | 01/08/2024 | RA 644.A25 Sha | 44490 | 01/08/2024 | 2 | 01/08/2024 | MONOGRAPH |